El Suelo / por Emilio H. del Villar
Descripción Física:
240, [8] f. de làm. : il. ; 21 cm
Colección:
Biblioteca agrícola Salvat
MARC
| LEADER | 00000nam a2200000Ia 4500 | ||
|---|---|---|---|
| 001 | 14448 | ||
| 008 | 160829s1936 xx 000 0 cat d | ||
| 080 | |a C-2-263 | ||
| 100 | |a Villar, Emilio H. del |9 25652 | ||
| 245 | |a El Suelo / por Emilio H. del Villar | ||
| 260 | |a Barcelona ; Buenos Aires : |b Salvat, |c 1936 | ||
| 300 | |a 240, [8] f. de làm. : |b il. ; |c 21 cm | ||
| 490 | |a Biblioteca agrícola Salvat | ||
| 650 | |a Edafologia |9 30193 | ||
| 650 | |a Sòls |x Composició |9 39293 | ||
| 650 | |a Sòls |x Classificació I |9 25655 | ||
| 650 | |a Biologia dels sòls |9 25656 | ||
| 901 | |a Arxiu | ||
| 942 | |n 1 | ||
| 952 | |0 0 |1 0 |4 0 |6 C2263 |7 1 |9 43723 |a Arxiu |b Arxiu |d 2016-12-01 |l 0 |o C-2-263 |p 14448 |r 2016-12-01 00:00:00 |w 2016-12-01 |y ARXIU | ||
| 999 | |c 46271 |d 46271 | ||